[Event "XVI Calvia Amateur Open 2019"]
[Site "Calvia"]
[Date "2019.10.05"]
[Round "1.1"]
[White "Verciuc, Nicolae"]
[Black "Reichmann, Hendrik"]
[Result "1/2-1/2"]
[WhiteElo "1874"]
[BlackElo "2341"]
[Annotator "TA"]
[PlyCount "47"]
[EventDate "2019.10.05"]
[EventType "swiss"]
[EventCountry "ESP"]
[SourceTitle "playchess.com"]
[Source "ChessBase"]
[SourceQuality "1"]

{[%evp 11,47,29,33,4,65,0,0,-19,0,-41,13,2,37,29,33,-2,0,0,19,23,20,29,38,34,64,70,68,75,95,83,101,52,52,65,133,0,0,0]} 1. d4 g6 2. c4 Bg7 3. Nc3 d6 4. e4 Nc6 5. Be3 e5 6. Nf3 Bg4 {[#] White must now prevent ...exd4.} 7. dxe5 {A42: Modern Defence: Averbakh Variation} (7. d5 Nd4 8. Be2 Bxf3 9. Bxf3 c5 10. dxc6 bxc6 11. b4 Ne7 12. O-O O-O 13. g3 Rb8 14. Rb1 a5 15. b5 Qd7 16. Bg2 cxb5 17. Nxb5 Nec6 {½-½ (44) Sargissian,G (2689)-Mamedov,R (2703) chess.com INT 2019}) 7... Bxe5 (7... dxe5 $11 8. Qa4 Nf6) 8. Be2 ({White should play} 8. Qd2 $14) 8... Bxc3+ $146 ({Predecessor:} 8... Bxf3 9. Bxf3 Nf6 10. a3 O-O 11. Rc1 Re8 12. O-O Bxc3 13. Rxc3 Nxe4 14. Bxe4 Rxe4 {0-1 (36) Loev,D (1629)-Makhnev,V (2196) Kimry 2015}) 9. bxc3 Nf6 10. h3 Bd7 (10... Bxf3 $1 $15 11. gxf3 Nd7) 11. Bd3 Qe7 12. O-O Ne5 13. Nxe5 dxe5 14. f4 exf4 15. Rxf4 Nh5 16. Rf3 $36 {[%mdl 2048] White has the initiative.} O-O 17. Qd2 Be6 18. Qf2 b6 19. c5 Rfd8 20. Bd4 Qe8 21. g4 bxc5 22. Bxc5 ({Much worse is} 22. gxh5 cxd4 23. cxd4 c6 $11) 22... Nf4 (22... Nf6 $1 $14) 23. Rxf4 (23. Bc2 $16 g5 24. Rxf4 gxf4 25. Qxf4) 23... Rxd3 {[%mdl 64] [#] Double Attack} 24. Rf3 {Accuracy: White = 49%, Black = 41%.} 1/2-1/2

[Event "XVI Calvia Amateur Open 2019"]
[Site "Calvia"]
[Date "2019.10.05"]
[Round "1.2"]
[White "Scherer, Helmut"]
[Black "Andreu Lopez, Santiago"]
[Result "1-0"]
[WhiteElo "2278"]
[BlackElo "1872"]
[Annotator "TA"]
[PlyCount "44"]
[EventDate "2019.10.05"]
[EventType "swiss"]
[EventCountry "ESP"]
[SourceTitle "playchess.com"]
[Source "ChessBase"]
[SourceQuality "1"]

{[%evp 9,44,56,88,77,95,87,88,98,83,60,106,97,99,103,94,77,120,114,122,114,109,102,204,114,114,96,208,205,395,389,389,389,390,375,479,479,480]} 1. e4 c5 2. Nf3 e6 3. c4 Ne7 (3... Nc6 4. d4 cxd4 5. Nxd4 Bc5 6. Nc2 Nf6 7. Nc3 O-O 8. Be3 b6 9. Be2 Bb7 10. O-O Qe7 11. Qd2 Rfd8 12. Rfd1 Ne5 13. Bxc5 bxc5 {1-0 (51) Carlsen,M (2835)-Caruana,F (2832) London 2018}) 4. d4 cxd4 5. Nxd4 a6 6. Nc3 {B40: Sicilian: 2...e6, Unusual lines} Nbc6 7. Be3 Nxd4 8. Qxd4 {White is better.} Nc6 9. Qd2 Be7 10. Be2 d6 11. O-O O-O 12. Na4 $146 ({Predecessor:} 12. Rfd1 Qa5 13. a3 Rd8 14. b4 {1-0 (44) Kantans,T (2447)-Cechura,P (2186) Wroclaw 2014}) 12... Qa5 13. Qxa5 Nxa5 14. Nb6 Rb8 15. Rfd1 Rd8 {[#]} (15... Nc6 $16 16. a3 e5) 16. Rd2 (16. b4 $1 $18 {[%cal Rb4a5]} Nc6 17. b5) 16... Nc6 $16 17. Rad1 Kf8 (17... Re8 $16 {was called for.}) 18. c5 $1 $18 {[%cal Rc5d6]} dxc5 $2 (18... d5) 19. Rxd8+ Bxd8 {[#]} 20. Rxd8+ $1 {[%mdl 512]} Nxd8 21. Bf4 e5 22. Bxe5 Nc6 {Accuracy: White = 53%, Black = 10%.} 1-0

[Event "XVI Calvia Amateur Open 2019"]
[Site "Calvia"]
[Date "2019.10.05"]
[Round "1.3"]
[White "Gallego Montes, Antoni"]
[Black "Massanet Massanet, Sebastian"]
[Result "0-1"]
[WhiteElo "1870"]
[BlackElo "2252"]
[Annotator "TA"]
[PlyCount "36"]
[EventDate "2019.10.05"]
[EventType "swiss"]
[EventCountry "ESP"]
[SourceTitle "playchess.com"]
[Source "ChessBase"]
[SourceQuality "1"]

{[%evp 16,36,-31,-28,-8,0,-9,-26,-23,-10,-16,-47,-56,-118,-121,-266,-252,-267,-266,-546,-534,-29996,-29997]} 1. d4 d5 2. e4 e6 3. e5 c5 4. c3 Nc6 5. Nf3 Qb6 6. Bd3 cxd4 7. cxd4 Bd7 8. O-O Nxd4 9. Nbd2 Rc8 {C02: French: Advance Variation} (9... Nc6 10. Nb3 Nge7 11. Be3 Qd8 12. Nc5 Rb8 13. Rc1 Ng6 14. Bb5 Be7 15. Nxd7 Qxd7 16. Bxa7 Ra8 17. Be3 Rxa2 {1-0 (49) Topalov,V (2752)-Morozevich,A (2770) Astana 2012}) 10. Nxd4 Qxd4 {[%mdl 64] [#] Double Attack} 11. Nf3 Qb6 {Black has an edge.} 12. Ng5 Be7 13. Qh5 Nh6 $146 ({Predecessor:} 13... g6 14. Qf3 Bxg5 15. Bxg5 Qxb2 16. Bf6 Nxf6 17. Qxf6 Rf8 18. Rab1 {½-½ (26) Almeida Sanchez,C (1926)-Pujales Llanos,J (1900) Las Palmas 2013}) 14. Nxh7 (14. Be3 $15 Qxb2 15. Nf3) 14... Qd4 $36 {[%mdl 2048] Black is on the roll.} 15. Qe2 (15. Rd1 $17) 15... Qh4 16. g3 {[#]} Qh3 $1 {aiming for ...Nf5.} 17. f3 $2 (17. Bxh6 Qxh6 18. Qe3) 17... Nf5 $19 18. Ng5 Bc5+ 0-1

[Event "XVI Calvia Amateur Open 2019"]
[Site "Calvia"]
[Date "2019.10.05"]
[Round "1.5"]
[White "Cerdo Fernandez, Miguel"]
[Black "Borovnica, Tihomir"]
[Result "*"]
[WhiteElo "1861"]
[BlackElo "2231"]
[Annotator "TA"]
[PlyCount "110"]
[EventDate "2019.10.05"]
[EventType "swiss"]
[EventCountry "ESP"]
[SourceTitle "playchess.com"]
[Source "ChessBase"]
[SourceQuality "1"]

{[%evp 11,110,0,25,26,29,0,1,2,16,6,0,0,0,0,0,0,0,-13,-13,-13,-8,-16,-18,-12,-16,-16,-9,-21,-13,-10,-14,-28,-16,-16,-11,-16,-7,-15,0,-14,-16,-19,-3,-5,-5,-5,-5,-3,0,0,0,-8,-8,-12,-2,-12,-5,-5,-5,-9,0,-5,-5,-5,0,0,0,-5,0,0,0,0,0,0,0,0,0,0,0,0,0,0,0,0,0,0,0,0,0,0,0,0,0,0,0,0,0,0,0,-18,0]} 1. e4 e6 2. d4 d5 3. Nc3 Bb4 4. exd5 exd5 5. Bd3 Nf6 6. Nge2 Bg4 7. O-O {C01: French: Exchange Variation} c6 (7... O-O 8. f3 Bh5 9. Nf4 Bg6 10. Nxg6 hxg6 11. Ne2 Re8 12. Bg5 Be7 13. Ng3 Nbd7 14. f4 Nh7 15. Qf3 c6 {1-0 (42) Carlsen,M (2843)-Vallejo Pons,F (2697) Sao Paulo/Bilbao 2012}) 8. Bf4 O-O 9. a3 $146 ({Predecessor:} 9. f3 Bh5 10. a3 Bd6 11. Qd2 Bg6 12. Bxg6 hxg6 13. Rfe1 Na6 14. Be5 Qc7 15. Nf4 Rae8 {½-½ (25) Fressinet,L (2627)-Riazantsev,A (2599) Corsica 2005}) 9... Be7 10. Qd2 Bh5 11. Rfe1 Bg6 12. Ng3 Bxd3 13. Qxd3 Re8 14. Re2 (14. Nf5 {is interesting.} Bf8 15. Qd2 Nbd7 16. f3 Qb6 17. Na4) 14... Bf8 15. Rae1 Rxe2 16. Qxe2 Nbd7 {[%cal Bb8d7,Bd7b6,Bb6a4][%mdl 32]} 17. Nd1 Qb6 18. c3 g6 19. Qd2 Qb3 20. f3 Nb6 21. Re2 Re8 22. Rxe8 {The position is equal.} Nxe8 23. Ne3 Na4 24. Nd1 Nd6 25. Bxd6 Bxd6 26. Ne2 Qa2 27. Qc2 Nb6 28. Nc1 Qc4 29. Ne3 Qa4 30. Qxa4 Nxa4 $11 {[%mdl 4096] Endgame KBN-KNN} 31. Nd1 Nb6 32. Nd3 Nc4 33. Kf2 f6 ({Much weaker is} 33... Bxh2 $6 34. g3 $16) 34. h3 Kf7 35. Ne3 Ke6 36. Ke2 b5 37. g4 a5 38. f4 Kf7 39. Kf3 h5 40. Nxc4 dxc4 {KB-KN} (40... hxg4+ {is more complex.} 41. hxg4 bxc4 42. Nc1 g5 43. f5 Bf4) 41. Nf2 hxg4+ 42. hxg4 Ke6 43. Nd1 c5 44. dxc5 Bxc5 45. Ne3 Bxe3 46. Kxe3 {[#] aiming for Kd4. KP-KP} Kd5 47. Kf3 f5 (47... a4 $5) 48. gxf5 gxf5 49. Ke3 Kc5 (49... a4 $5) 50. Kd2 b4 51. axb4+ axb4 52. Ke3 {[#] cxb4+ is the strong threat.} bxc3 53. bxc3 Kd5 54. Kf3 Kc6 55. Ke2 Kd5 {Accuracy: White = 68%, Black = 65%.} *

[Event "XVI Calvia Amateur Open 2019"]
[Site "Calvia"]
[Date "2019.10.05"]
[Round "1.6"]
[White "Tscharotschkin, Michael"]
[Black "Garrido Lluy, Javier"]
[Result "1-0"]
[WhiteElo "2198"]
[BlackElo "1836"]
[Annotator "TA"]
[PlyCount "31"]
[EventDate "2019.10.05"]
[EventType "swiss"]
[EventCountry "ESP"]
[SourceTitle "playchess.com"]
[Source "ChessBase"]
[SourceQuality "1"]

{[%evp 14,270,11,21,28,27,36,44,49,33,34,7,52,13,20,4,15,18,31,5,8,-23,28,23,85,89,99,87,101,86,130,95,128,90,89,79,79,77,77,62,83,83,91,0,72,78,90,86,83,78,84,79,72,63,64,60,77,54,73,66,71,68,64,81,66,52,52,53,64,55,61,48,55,53,76,43,47,46,71,37,51,37,64,50,50,50,50,15,15,15,54,15,15,15,15,18,25,0,0,0,15,0,0,0,0,0,0,0,0,0,0,0,8,8,8,8,8,0,0,0,0,0,0,0,0,0,0,0,0,0,0,0,0,0,0,0,0,0,0,0,0,0,0,0,0,0,0,0,0,0,0,0,0,0,0,0,0,0,0,0,0,0,0,0,0,0,0,0,0,0,0,0,0,0,0,0,0,0,0,0,0,0,0,0,0,0,0,0,0,0,0,0,0,0,0,0,0,0,0,0,0,0,0,0,0,0,0,0,0,0,0,0,0,0,0,0,0,0,0,0,0,0,0,0,0,0,0,0,0,0,0,0,0,0,0,0,0,0,0,0,8,0,0,0,0,0,0,0,0,0,0,0,0,0,29984,0,0,0,0]} 1. d4 c5 2. c3 e6 3. e4 d5 4. exd5 Qxd5 5. Nf3 Nf6 6. Be2 Nc6 7. Na3 Qd8 8. Nc2 a6 {B22: Sicilian: 2 c3} (8... Be7 9. Bd3 O-O 10. Qe2 b6 11. dxc5 bxc5 12. Bg5 Bb7 13. O-O-O Qc7 14. Ne3 Rfd8 15. Kb1 Rd7 16. Bxf6 gxf6 {1-0 (70) Savchenko,B (2550)-Alekseev,E (2616) Serpukhov 2018}) 9. O-O cxd4 10. Ncxd4 Bd7 {White is slightly better.} 11. Nxc6 Bxc6 12. Nd4 $146 ({Predecessor:} 12. Ne5 Qxd1 13. Rxd1 Bc5 14. Nxc6 bxc6 15. Bf3 Rc8 16. Bg5 Ke7 17. Rd3 {½-½ (31) Brigljevic,M (2161)-Dusper,H (2201) Malinska 2018}) 12... Bd7 13. Bf3 Qc7 14. Bg5 $36 {[%mdl 2048] White has the initiative.} Be7 15. Re1 O-O 16. Qb3 {Played: Nd4-f5} 1-0

[Event "XVI Calvia Amateur Open 2019"]
[Site "Calvia"]
[Date "2019.10.06"]
[Round "2.1"]
[White "Svarc, Roman"]
[Black "Scherer, Helmut"]
[Result "0-1"]
[WhiteElo "2012"]
[BlackElo "2278"]
[Annotator "TA"]
[PlyCount "50"]
[EventDate "2019.10.05"]
[EventType "swiss"]
[EventCountry "ESP"]
[SourceTitle "playchess.com"]
[Source "ChessBase"]
[SourceQuality "1"]

{[%evp 11,50,0,4,3,8,4,8,15,12,-7,0,-54,-15,-26,-16,-41,-64,-133,-132,-141,-139,-206,-120,-173,-166,-173,-158,-166,-180,-223,-210,-233,-231,-276,-272,-265,-206,-287,-279,-738,-716]} 1. c4 e6 2. Nc3 d5 3. cxd5 exd5 4. d4 c6 5. Nf3 Bf5 6. Bf4 Qb6 7. Na4 {D31: Queen's Gambit Declined: Semi-Slav without ...Nf6 (+ Marshall Gambit and Noteboom) and Exchange Variation lines without ...Nf6} (7. Qc1 Nf6 8. e3 Nbd7 9. Nh4 Be6 10. Bd3 Nh5 11. Bg3 g6 12. Nf3 Be7 13. Bh4 Qd8 14. Bxe7 Qxe7 15. Qc2 O-O 16. O-O Kh8 17. b4 Rac8 18. Qb2 Ng7 19. b5 cxb5 20. Bxb5 Nb6 21. a4 f6 22. Nd2 Nf5 {½-½ (22) Gonda,L (2448)-Ribli,Z (2585) Hungary 2005}) 7... Qa5+ 8. Nd2 Nd7 $146 ({Predecessor:} 8... Nf6 9. a3 Nh5 10. b4 Qd8 11. Bxb8 Rxb8 12. e3 Nf6 13. Qb3 Bd6 14. Bd3 Bg6 {½-½ (54) Dragomarezkij,E (2468)-Kosteniuk,A (2402) Moscow 2002}) 9. a3 {The position is equal.} Ngf6 10. Nc3 Be7 11. f3 (11. e3 $11) 11... h5 12. e4 dxe4 13. Nc4 Qd8 $36 {[%mdl 2048] Black is pushing.} 14. Nd6+ ({White should play} 14. fxe4 $15 Nxe4 15. Be2) 14... Bxd6 $1 $17 15. Bxd6 Nb6 16. Bc5 (16. Be5 $17) 16... Qc7 (16... Nbd5 $19 {aiming for ...Nxc3.} 17. fxe4 Nxc3 18. bxc3 Nxe4) 17. Be2 (17. fxe4 $17 Nxe4 18. Nxe4 Bxe4 19. Bd3 Bxd3 20. Qxd3) 17... Nbd5 $19 18. Nxd5 Nxd5 19. O-O Ne3 20. Qb3 Nxf1 21. Rxf1 {intending fxe4.} Be6 22. Bc4 Bxc4 23. Qxc4 e3 24. Qb3 O-O-O 25. Bxa7 $2 {[#]} (25. Qxe3 Rhe8 26. Qd2) 25... e2 {Accuracy: White = 31%, Black = 63%.} 0-1

[Event "XVI Calvia Amateur Open 2019"]
[Site "Calvia"]
[Date "2019.10.06"]
[Round "2.2"]
[White "Massanet Massanet, Sebastian"]
[Black "Altarriba Gracia, Sergio"]
[Result "*"]
[WhiteElo "2252"]
[BlackElo "1996"]
[Annotator "TA"]
[PlyCount "38"]
[EventDate "2019.10.05"]
[EventType "swiss"]
[EventCountry "ESP"]
[SourceTitle "playchess.com"]
[Source "ChessBase"]
[SourceQuality "1"]

{[%evp 15,16,20,31]} 1. e4 e6 2. d4 d5 3. Nd2 c5 4. exd5 Qxd5 5. Ngf3 cxd4 6. Bc4 Qd6 7. O-O Nf6 8. Nb3 Nc6 {Predecessor:} 9. Nbxd4 $146 Nxd4 10. Nxd4 a6 11. Re1 Qc7 12. Bf1 Be7 13. Qf3 O-O 14. Bf4 Bd6 15. Bxd6 Qxd6 16. Rad1 Qc7 17. c4 Rb8 18. Qg3 Qxg3 19. hxg3 Bd7 {½-½ (61) Karjakin,S (2773)-Duda,J (2737) chess.com INT 2018} *

[Event "XVI Calvia Amateur Open 2019"]
[Site "Calvia"]
[Date "2019.10.06"]
[Round "2.2"]
[White "Massanet Massanet, Sebastian"]
[Black "Altarriba Gracia, Sergio"]
[Result "1-0"]
[WhiteElo "2252"]
[BlackElo "1996"]
[Annotator "TA"]
[PlyCount "47"]
[EventDate "2019.10.05"]
[EventType "swiss"]
[EventCountry "ESP"]
[SourceTitle "playchess.com"]
[Source "ChessBase"]
[SourceQuality "1"]

{[%evp 12,53,37,32,63,42,39,32,46,45,45,48,47,50,51,22,58,33,61,64,91,81,101,71,77,57,105,64,229,211,234,122,129,72,429,437,448,438,433,439,447,443,920,964]} 1. e4 c5 2. Nf3 g6 3. d4 cxd4 4. Nxd4 Bg7 5. c4 Nc6 6. Be3 d6 7. Nc3 Nf6 {B38: Sicilian: Maroczy Bind with 5...Bg7 and 7...0-0} 8. h3 (8. Be2 O-O 9. O-O Bd7 10. f3 Nxd4 11. Bxd4 Bc6 12. Qd2 a5 13. b3 Nd7 14. Be3 Nc5 15. Rac1 e6 16. Nb5 Be5 17. Bg5 Qb6 18. Qe3 Bxb5 19. cxb5 Rfc8 20. Kh1 a4 21. b4 Nd7 22. Qd2 Qd4 23. Qxd4 Bxd4 {0-1 (39) Lenderman,A (2637)-Shimanov,A (2610) chess.com INT 2019}) 8... Qa5 {Threatening ...Nxe4.} 9. Nb3 Qc7 {White is slightly better.} 10. Rc1 b6 11. Be2 $146 ({Predecessor:} 11. Nd5 Qb8 12. Nd4 Nxd4 13. Bxd4 Qb7 14. Be2 e5 15. Nxf6+ Bxf6 {1-0 (29) Osman,M (2201)-Perrier,E Bucharest 2000}) 11... O-O 12. O-O Bb7 13. f4 Nb4 14. Nd2 Rac8 15. a3 Na6 16. b4 e6 17. Qb3 Rfd8 18. Bf3 Qd7 19. Rfd1 d5 $2 (19... Nb8 $14) 20. cxd5 $18 exd5 {[#]} 21. Nf1 (21. e5 $1 $18) 21... Nc7 $16 22. exd5 (22. e5 $142 Nfe8 23. Rc2) 22... Ncxd5 $2 {[%mdl 8192]} (22... Nfe8 $16) 23. Nxd5 $18 {White is clearly winning.} Nxd5 24. Bxd5 {Played: Rc1xc8} 1-0

[Event "XVI Calvia Amateur Open 2019"]
[Site "Calvia"]
[Date "2019.10.06"]
[Round "2.3"]
[White "Vrchotka, Josef"]
[Black "Tscharotschkin, Michael"]
[Result "0-1"]
[WhiteElo "1991"]
[BlackElo "2198"]
[Annotator "TA"]
[PlyCount "99"]
[EventDate "2019.10.05"]
[EventType "swiss"]
[EventCountry "ESP"]
[SourceTitle "playchess.com"]
[Source "ChessBase"]
[SourceQuality "1"]

{[%evp 23,99,15,27,12,29,10,15,10,13,11,19,16,21,15,8,8,12,3,4,0,0,0,15,1,0,0,7,0,5,0,0,0,2,0,0,0,0,0,0,0,0,0,0,0,0,0,0,0,0,0,0,-159,0,-37,0,-76,-22,-22,-18,-851,-835,-791,-747,-642,-539,-7212,-222,-12832,-12831,-6403,-1347,-29984,-29985,-29985,-29985,-29985,-29986,-29984]} 1. e4 e6 2. d4 d5 3. Nd2 c5 4. exd5 Qxd5 5. Ngf3 cxd4 6. Bc4 Qd6 7. O-O Nf6 8. Nb3 Nc6 9. Nbxd4 Nxd4 10. Nxd4 Bd7 11. c3 Qc7 12. Qe2 Bd6 13. h3 {[#] C07: French Tarrasch: 3...c5, 4 Ngf3 and 4 exd5 Qxd5} Bf4 $146 ({Predecessor:} 13... Bh2+ 14. Kh1 Bf4 15. Bxf4 Qxf4 16. Rad1 O-O 17. Nf3 Bc6 18. Ne5 Be4 19. Nd7 Nxd7 20. Rxd7 Rad8 21. Rfd1 Rxd7 22. Rxd7 {½-½ (33) Mamedov,N (2602)-Istratescu,A (2651) Legnica 2013}) 14. Bb5 {[#] And now Bxf4 would win.} (14. Bxf4 {with more complications.} Qxf4 15. Rfe1 O-O 16. Rad1 Rfd8 17. Bb3) 14... Bxc1 15. Bxd7+ {The position is equal.} Qxd7 16. Raxc1 O-O 17. Rfd1 a6 18. c4 Rfd8 19. Nf3 Qc7 20. b3 h6 21. Rc2 Rxd1+ 22. Qxd1 Ne4 23. Qe1 Qf4 24. Re2 Ng5 25. Nxg5 Qxg5 $11 {[%mdl 4096] Endgame KQR-KQR} 26. Rd2 Rd8 27. Rxd8+ Qxd8 {KQ-KQ} 28. Qe2 Qd4 29. Kh2 e5 30. Qf3 b6 31. Qe2 a5 32. f3 f5 33. g4 f4 34. Kg2 Kf7 35. Qc2 Ke7 36. h4 Kd6 37. Qc1 $2 ({White should play} 37. c5+ $11 Qxc5 38. Qg6+ Kd5 39. Qxg7) 37... Kc5 $2 (37... g5 $17 38. hxg5 hxg5) 38. Qa3+ Kc6 {[#] Threatens to win with ...Qd2+.} 39. Qc1 (39. Qf8 $11 {keeps the balance.}) 39... g5 (39... Qd3 $17 {aiming for ...Qe2+.} 40. Qe1 Qd4) 40. hxg5 hxg5 {White should prevent ...e4.} 41. Kf1 $2 {[%mdl 8192]} (41. Qc2 $11) 41... Qd3+ $19 42. Kf2 e4 43. fxe4 Qxe4 44. a3 Qd3 $2 (44... Kc5 {White must now prevent ...Qd3.} 45. b4+ {[%mdl 64] Decoy} axb4 46. axb4+ Kxb4 47. Qb2+ Kxc4 48. Qa2+ Kc5) 45. Qb2 $2 (45. Qh1+ Kc5 46. Qb7) 45... Qg3+ 46. Kf1 Qh3+ 47. Ke1 Qh1+ {Black mates.} 48. Kd2 Qg2+ 49. Kc3 Qxb2+ 50. Kxb2 {Accuracy: White = 43%, Black = 55%.} 0-1

[Event "XVI Calvia Amateur Open 2019"]
[Site "Calvia"]
[Date "2019.10.06"]
[Round "2.4"]
[White "Visser, Henk-Jan"]
[Black "Gaitan Moyano, Juan"]
[Result "0-1"]
[WhiteElo "2184"]
[BlackElo "1981"]
[Annotator "ChessBase"]
[PlyCount "104"]
[EventDate "2019.10.05"]
[EventType "swiss"]
[EventCountry "ESP"]
[SourceTitle "playchess.com"]
[Source "ChessBase"]
[SourceQuality "1"]
[TimeControl "40/5400+30:900+30"]

1. e4 {[%emt 0:00:00]} c5 {[%emt 0:15:34]} 2. Nf3 {[%emt 0:00:00]} d6 {[%emt 0:00:42]} 3. d4 {[%emt 0:00:04]} cxd4 {[%emt 0:00:17]} 4. Nxd4 {[%emt 0:00:12]} Nf6 {[%emt 0:00:08]} 5. Nc3 {[%emt 0:00:11]} a6 {[%emt 0:00:24]} 6. Be3 {[%emt 0:00:15]} e5 {[%emt 0:00:39]} 7. Nb3 {[%emt 0:00:13]} Be6 {[%emt 0:01:26]} 8. f3 {[%emt 0:00:17]} h5 {[%emt 0:00:37]} 9. Qd2 {[%emt 0:01:45]} Nbd7 {[%emt 0:01:25]} 10. Nd5 {[%emt 0:01:13]} Nxd5 {[%emt 0:03:11]} 11. exd5 {[%emt 0:00:14]} Bf5 {[%emt 0:00:04]} 12. Na5 {[%emt 0:17:38]} Qc7 {[%emt 0:07:38]} 13. c4 {[%emt 0:01:34]} Be7 {[%emt 0:01:38]} 14. Be2 {[%emt 0:00:24]} Bh4+ {[%emt 0:04:55]} 15. g3 {[%emt 0:03:23]} Bd8 {[%emt 0:02:04]} 16. b4 {[%emt 0:01:24]} h4 {[%emt 0:03:03]} 17. g4 {[%emt 0:04:44]} Bg6 {[%emt 0:00:12]} 18. O-O {[%emt 0:01:37]} O-O {[%emt 0:02:37]} 19. Rac1 {[%emt 0:06:43]} Qb8 {[%emt 0:14:26]} 20. Bd3 {[%emt 0:11:51]} Bxd3 {[%emt 0:06:20]} 21. Qxd3 {[%emt 0:00:08]} Bxa5 {[%emt 0:07:13]} 22. bxa5 {[%emt 0:00:06]} Qc7 {[%emt 0:00:33]} 23. Qa3 {[%emt 0:21:31]} Rac8 {[%emt 0:04:59]} 24. Bg5 {[%emt 0:03:46]} f6 {[%emt 0:04:50]} 25. Bxh4 {[%emt 0:00:30]} Qc5+ {[%emt 0:01:28]} 26. Qxc5 {[%emt 0:00:08]} Rxc5 {[%emt 0:00:01]} 27. Rb1 {[%emt 0:16:57]} Rxa5 {[%emt 0:06:49]} 28. Rxb7 {[%emt 0:00:10]} Rd8 {[%emt 0:02:31]} 29. Rc7 {[%emt 0:05:19]} Rxa2 {[%emt 0:00:48]} 30. Rb1 {[%emt 0:00:14]} Nc5 {[%emt 0:02:11]} 31. Bf2 {[%emt 0:01:36]} Nd3 {[%emt 0:03:50]} 32. Bg3 {[%emt 0:00:08]} Rb2 {[%emt 0:01:30]} 33. Ra1 {[%emt 0:00:42]} Nc5 {[%emt 0:01:00]} 34. h4 {[%emt 0:01:17]} Rc2 {[%emt 0:00:28]} 35. h5 {[%emt 0:00:35]} Rxc4 {[%emt 0:00:36]} 36. Ra3 {[%emt 0:00:36]} Rb8 {[%emt 0:00:27]} 37. Ra2 {[%emt 0:00:30]} Rc1+ {[%emt 0:01:01]} 38. Kg2 {[%emt 0:00:18]} Rd1 {[%emt 0:00:44]} 39. Bf2 {[%emt 0:00:38]} Rxd5 {[%emt 0:00:17]} 40. Bxc5 {[%emt 0:00:00]} Rxc5 {[%emt 0:00:00]} 41. Ra7 {[%emt 0:07:39]} a5 {[%emt 0:03:22]} 42. Kg3 {[%emt 0:00:57]} Rb3 {[%emt 0:04:33]} 43. g5 {[%emt 0:06:02]} fxg5 {[%emt 0:01:19]} 44. h6 {[%emt 0:00:36]} gxh6 {[%emt 0:00:58]} 45. Kg4 {[%emt 0:02:26]} Rc4+ {[%emt 0:07:16]} 46. Kf5 {[%emt 0:00:55]} Rxf3+ {[%emt 0:00:51]} 47. Kg6 {[%emt 0:00:21]} Rcf4 {[%emt 0:01:02]} 48. Rg7+ {[%emt 0:00:40]} Kf8 {[%emt 0:00:24]} 49. Rc2 {[%emt 0:00:13]} Rf6+ {[%emt 0:00:21]} 50. Kh7 {[%emt 0:00:20]} Rf7 {[%emt 0:00:20]} 51. Rc7 {[%emt 0:00:56]} Rxc7 {[%emt 0:00:07]} 52. Rxc7 {[%emt 0:00:16]} Rf7+ {[%emt 0:00:04]} 0-1

[Event "XVI Calvia Amateur Open 2019"]
[Site "Calvia"]
[Date "2019.10.06"]
[Round "2.5"]
[White "Grichkevitch, Gilles"]
[Black "Gallego Bergada, Antoni"]
[Result "1/2-1/2"]
[WhiteElo "1989"]
[BlackElo "2177"]
[Annotator "ChessBase"]
[PlyCount "75"]
[EventDate "2019.10.05"]
[EventType "swiss"]
[EventCountry "ESP"]
[SourceTitle "playchess.com"]
[Source "ChessBase"]
[SourceQuality "1"]
[TimeControl "40/5400+30:900+30"]

1. e4 {[%emt 0:00:00]} g6 {[%emt 0:00:00]} 2. d4 {[%emt 0:00:07]} Bg7 {[%emt 0:00:00]} 3. Nc3 {[%emt 0:00:06]} d6 {[%emt 0:00:00]} 4. Bg5 {[%emt 0:00:22]} a6 {[%emt 0:01:52]} 5. Qd2 {[%emt 0:00:50]} b5 {[%emt 0:02:31]} 6. f4 {[%emt 0:02:06]} Bb7 {[%emt 0:02:58]} 7. Nf3 {[%emt 0:03:42]} Nf6 {[%emt 0:21:50]} 8. e5 {[%emt 0:00:53]} Ne4 {[%emt 0:01:28]} 9. Nxe4 {[%emt 0:00:28]} Bxe4 {[%emt 0:00:04]} 10. c4 {[%emt 0:05:12]} c6 {[%emt 0:10:58]} 11. Be2 {[%emt 0:10:07]} O-O {[%emt 0:07:04]} 12. O-O {[%emt 0:01:16]} f6 {[%emt 0:03:21]} 13. exf6 {[%emt 0:02:18]} exf6 {[%emt 0:00:21]} 14. Bh4 {[%emt 0:00:31]} Nd7 {[%emt 0:11:56]} 15. a4 {[%emt 0:03:06]} bxc4 {[%emt 0:04:36]} 16. Bxc4+ {[%emt 0:00:24]} d5 {[%emt 0:00:08]} 17. Be2 {[%emt 0:06:52]} Qb6 {[%emt 0:02:39]} 18. a5 {[%emt 0:00:36]} Qb7 {[%emt 0:03:10]} 19. b4 {[%emt 0:09:30]} Rfc8 {[%emt 0:05:20]} 20. Be1 {[%emt 0:05:41]} Bf8 {[%emt 0:01:08]} 21. Nh4 {[%emt 0:04:32]} Rab8 {[%emt 0:01:54]} 22. Ra4 {[%emt 0:03:13]} Be7 {[%emt 0:01:36]} 23. g4 {[%emt 0:02:27]} Nf8 {[%emt 0:01:20]} 24. f5 {[%emt 0:00:45]} g5 {[%emt 0:00:58]} 25. Nf3 {[%emt 0:01:56]} Bd6 {[%emt 0:00:38]} 26. Bg3 {[%emt 0:08:31]} Bxg3 {[%emt 0:01:02]} 27. hxg3 {[%emt 0:00:06]} Ra8 {[%emt 0:02:31]} 28. Kf2 {[%emt 0:01:00]} Qd7 {[%emt 0:00:54]} 29. Ra2 {[%emt 0:02:39]} h5 {[%emt 0:00:12]} 30. Nh2 {[%emt 0:02:37]} Qd6 {[%emt 0:02:01]} 31. gxh5 {[%emt 0:02:51]} Bxf5 {[%emt 0:00:31]} 32. Ng4 {[%emt 0:00:36]} Bxg4 {[%emt 0:01:09]} 33. Bxg4 {[%emt 0:00:09]} Re8 {[%emt 0:00:28]} 34. Re1 {[%emt 0:03:47]} Rab8 {[%emt 0:03:00]} 35. Rxe8 {[%emt 0:01:04]} Rxe8 {[%emt 0:00:06]} 36. Bf5 {[%emt 0:00:46]} Kg7 {[%emt 0:01:52]} 37. Ra1 {[%emt 0:03:19]} Rb8 {[%emt 0:02:15]} 38. Rb1 {[%emt 0:00:27]} 1/2-1/2